000 00531nam a2200181Ia 4500
005 20250508161950.0
008 008 250505s9999 xx 000 0 eng d
037 _aTextual
040 _aFEDL
_beng
_cFEDL
041 _aeng
_2eng
084 _a954, LAT
_qFEDL
100 _aSyed Abdul Latif Co.
_9771900
245 0 _aOutline of the cultural history of India
260 _aNew Delhi, India
_bOriental Books Reprint Corporation
_c1979
300 _aix,364p
942 _cTEXL
_h954, LAT
999 _c1373541
_d1373541